000 01344cam a2200409Ma 4500
001 85322
005 20230410105443.0
008 080923s2008 fr a 000 0 fre d
035 _a(OCoLC)ocn300305858
040 _aRUQBL
_bfre
_cRUQBL
_dLVB
_dBDF
020 _a9782729836726
020 _a2729836721
029 1 _aZWZ
_b122938828
035 _a(OCoLC)300305858
050 1 4 _aHC 125
_bD475m 2008
082 0 0 _a337.18
100 1 _aDesse, Rene-Paul.
245 1 0 _aMercosur :
_bvers la "grande Amerique latine"? /
_cRene-Paul Desse, Hector Dupuy.
260 _aParis :
_bEllipses,
_c2008.
300 _a205 p. :
_bill. ;
_c19 cm.
440 0 _aTransversale.
_pDebats
610 2 0 _aMERCOSUR (Organization)
650 0 _aRegionalism
_xEconomic aspects
_zLatin America.
651 0 _aLatin America
_xEconomic integration.
610 2 4 _aMercado Común del Cono Sur.
651 4 _aAmérica Latina
_xIntegración económica.
610 2 6 _aMERCOSUR (Organisation)
650 6 _aRegionalisation economique
_zAmerique du Sud.
650 6 _aRegionalisation economique
_zAmerique latine.
651 6 _aAmerique latine
_xIntegration economique.
651 6 _aPays du MERCOSUR
_xCommerce.
651 6 _aPays du MERCOSUR
_xConditions economiques.
700 1 _aDupuy, Hector.
942 _2lcc
_cbk
946 _alh
994 _aC0
_bDRFGD
999 _c37018
_d37018